[Event "Excelsior March op"]
[Site "Toronto CAN"]
[Date "2023.03.11"]
[Round "3.27"]
[White "Xu, Philip"]
[Black "Qian, Eric"]
[Result "0-1"]
[WhiteElo "1485"]
[BlackElo "1614"]
[PlyCount "118"]
[EventDate "2023.03.19"]
[EventType "swiss"]
[EventRounds "5"]
[EventCountry "CAN"]

1. c4 e6 2. d4 d5 3. Nc3 Nf6 4. Nf3 Be7 5. Bg5 h6 6. Bh4 O-O 7. e3 b6 8. Be2
Bb7 9. O-O Nbd7 10. Rc1 c5 11. cxd5 exd5 12. dxc5 bxc5 13. Na4 Rc8 14. Qb3 Ba8
15. Qd3 Qe8 16. Nc3 Bd6 17. Qa6 Bb8 18. Bb5 Qe6 19. Na4 Qd6 20. Bg3 Qe6 21.
Bxb8 Rxb8 22. b3 Rfc8 23. Rc2 Rc7 24. Rfc1 Qe7 25. Ne1 Rbc8 26. Bxd7 Nxd7 27.
Nd3 Bb7 28. Qa5 c4 29. Nf4 d4 30. Qd2 g5 31. Nh3 Qe4 32. f3 Qxe3+ 33. Qxe3 dxe3
34. bxc4 Ne5 35. Nb2 Rc5 36. Rc3 Ba6 37. Rxe3 Nxc4 38. Nxc4 Rxc4 39. Rxc4 Bxc4
40. a3 Be6 41. g4 a5 42. Nf2 Rc1+ 43. Kg2 a4 44. Ne4 Kg7 45. Rc3 Ra1 46. Nc5
Bb3 47. Kf2 Rxa3 48. Ke3 Ra2 49. h3 Bd5 50. Nd3 Rh2 51. Ra3 Rxh3 52. Ne1 Bc6
53. Rc3 Bd7 54. Kf2 Bxg4 55. Rc4 Bd7 56. Kg2 Rh4 57. Rxh4 gxh4 58. f4 Bf5 59.
Nf3 Be4 0-1

[Event "Excelsior March op"]
[Site "Toronto CAN"]
[Date "2023.03.11"]
[Round "3.28"]
[White "Zhan, Jayden Zihan"]
[Black "Li, Ethan Yichen"]
[Result "0-1"]
[WhiteElo "1153"]
[BlackElo "1503"]
[PlyCount "110"]
[EventDate "2023.03.19"]
[EventType "swiss"]
[EventRounds "5"]
[EventCountry "CAN"]

1. Nf3 Nf6 2. g3 g6 3. Bg2 Bg7 4. O-O d5 5. d4 O-O 6. c4 c6 7. b3 Qb6 8. Ba3
Re8 9. Nc3 Nbd7 10. Ne5 Nxe5 11. dxe5 Ng4 12. cxd5 Bxe5 13. Na4 Qa6 14. Rc1 b5
15. Rxc6 Qa5 16. h3 Nh6 17. f4 Bb7 18. fxe5 Bxc6 19. dxc6 bxa4 20. c7 Rac8 21.
Qc1 Kg7 22. Qf4 Qb6+ 23. Kh2 Qe6 24. Rc1 axb3 25. axb3 Qxb3 26. Bxe7 Rxe7 27.
Qf6+ Kf8 28. Qh4 Nf5 29. Qf6 Qxg3+ 30. Kh1 Qxe5 31. Qxe5 Rxe5 32. Bb7 Nd6 33.
Bxc8 Nxc8 34. Rd1 Rxe2 35. Rd8+ Re8 36. Kg2 Ke7 37. Rd2 Nd6 38. Ra2 Ra8 39. Kf3
Kd7 40. Kg4 h6 41. h4 Kxc7 42. h5 a5 43. hxg6 fxg6 44. Rh2 a4 45. Rxh6 a3 46.
Rh1 a2 47. Kg5 a1=Q 48. Rxa1 Rxa1 49. Kxg6 Ra5 50. Kf6 Kd7 51. Kg7 Ke7 52. Kg6
Rf5 53. Kg7 Rg5+ 54. Kh6 Kf6 55. Kh7 Rg4 0-1

[Event "Excelsior March op"]
[Site "Toronto CAN"]
[Date "2023.03.11"]
[Round "3.29"]
[White "Desikan, Ajith"]
[Black "Xie, Irene"]
[Result "1-0"]
[WhiteElo "1507"]
[BlackElo "1370"]
[PlyCount "99"]
[EventDate "2023.03.19"]
[EventType "swiss"]
[EventRounds "5"]
[EventCountry "CAN"]

1. d4 d5 2. Bf4 Nf6 3. e3 g6 4. c4 c6 5. Nc3 Bg7 6. Nf3 Bg4 7. Be2 e6 8. Qb3
Qb6 9. c5 Qxb3 10. axb3 Nbd7 11. b4 O-O 12. b5 Bxf3 13. gxf3 e5 14. dxe5 Nh5
15. Bg5 Bxe5 16. f4 Bxc3+ 17. bxc3 f6 18. Bh4 Ng7 19. bxc6 bxc6 20. Ra6 Rfc8
21. Ra5 Kf7 22. O-O Ne6 23. Rfa1 Rc7 24. f3 Nexc5 25. R1a3 Rb7 26. Bf2 Nb3 27.
Ra6 Nb8 28. R6a4 Nc5 29. Ra5 Ne6 30. Kg2 Nd7 31. Kg3 f5 32. c4 Nf6 33. Ra6 Rc7
34. Be1 d4 35. Ba5 Nh5+ 36. Kf2 dxe3+ 37. Kxe3 Re7 38. Kf2 Nexf4 39. Bf1 Rae8
40. Rxc6 Rb8 41. Bc3 Rbb7 42. Rca6 Rec7 43. Be5 Rd7 44. Bc3 Re7 45. c5 Rbc7 46.
c6 Ne6 47. Be5 Rc8 48. Bc4 Nhg7 49. c7 Ke8 50. Bf6 {time} 1-0

[Event "Excelsior March op"]
[Site "Toronto CAN"]
[Date "2023.03.11"]
[Round "3.30"]
[White "Hartman, Liam"]
[Black "Zhang, Daniel"]
[Result "0-1"]
[WhiteElo "1257"]
[BlackElo "1498"]
[PlyCount "40"]
[EventDate "2023.03.19"]
[EventType "swiss"]
[EventRounds "5"]
[EventCountry "CAN"]

1. e4 c5 2. a3 e6 3. b4 b6 4. Nf3 Bb7 5. d3 cxb4 6. axb4 Qf6 7. Ra2 Bxb4+ 8. c3
Bxc3+ 9. Nxc3 Qxc3+ 10. Bd2 Qf6 11. Qc2 Nc6 12. Bc3 e5 13. Qb2 d6 14. d4 Qg6
15. dxe5 Qxe4+ 16. Be2 Nxe5 17. O-O Nf6 18. Re1 O-O 19. Ba6 Nxf3+ 20. gxf3 Qg6+
0-1

[Event "Excelsior March op"]
[Site "Toronto CAN"]
[Date "2023.03.11"]
[Round "3.31"]
[White "Qian, Ashley"]
[Black "Murali, Dhruv"]
[Result "1-0"]
[WhiteElo "1481"]
[BlackElo "1209"]
[PlyCount "65"]
[EventDate "2023.03.19"]
[EventType "swiss"]
[EventRounds "5"]
[EventCountry "CAN"]

1. e4 g6 2. d4 Bg7 3. Nf3 d6 4. Nc3 Nd7 5. Be3 e5 6. Qd2 Ngf6 7. Be2 O-O 8. O-O
Re8 9. Bd3 exd4 10. Bxd4 Ne5 11. Nxe5 dxe5 12. Be3 Bd7 13. Rad1 Bc6 14. f3 Qd7
15. Qf2 Qe7 16. Bc4 Red8 17. Bb3 a6 18. Bg5 h6 19. Be3 Qe8 20. Qh4 h5 21. Bg5
Rxd1 22. Rxd1 Nh7 23. Be3 Nf6 24. Nd5 Bxd5 25. Bxd5 Rd8 26. Bg5 Rd6 27. Bxf6
Bxf6 28. Qg3 c6 29. Bxf7+ Qxf7 30. Rxd6 Qe7 31. Qxg6+ Bg7 32. Re6 Qc5+ 33. Kh1
1-0

[Event "Excelsior March op"]
[Site "Toronto CAN"]
[Date "2023.03.11"]
[Round "3.32"]
[White "Deepak, Laksshana"]
[Black "Chen, Ricky"]
[Result "0-1"]
[WhiteElo "1465"]
[BlackElo "1407"]
[PlyCount "142"]
[EventDate "2023.03.19"]
[EventType "swiss"]
[EventRounds "5"]
[EventCountry "CAN"]

1. e4 e5 2. Nf3 Nc6 3. Nc3 Nf6 4. d4 exd4 5. Nxd4 d5 6. Bb5 Bd7 7. exd5 Nxd4 8.
Qxd4 Bxb5 9. Nxb5 a6 10. Nc3 Bd6 11. Bg5 Qe7+ 12. Kd2 Be5 13. Qa4+ b5 14. Nxb5
O-O 15. Nxc7 Qxc7 16. Bxf6 Bxf6 17. c3 Qc5 18. Ke2 Rfe8+ 19. Kf1 Qxd5 20. Rd1
Qb7 21. Qc2 Qb5+ 22. c4 Qxb2 23. Rc1 Qxc2 24. Rxc2 Rab8 25. g3 Rb1+ 26. Kg2
Rxh1 27. Kxh1 Rc8 28. Kg2 h6 29. Kf3 Rc5 30. Ke4 g5 31. Kd3 Kg7 32. Ke4 Kg6 33.
Ke3 Kf5 34. h3 h5 35. Kd3 Ke6 36. Ke4 Re5+ 37. Kd3 Kd6 38. Rc1 Rf5 39. Ke3 Kc5
40. f4 Kb4 41. Ke4 Rc5 42. Kd3 gxf4 43. gxf4 Ra5 44. Ke4 Rxa2 45. c5 Bd8 46. c6
Bc7 47. Rd1 Kc5 48. Rc1+ Kb6 49. Kf5 Rf2 50. Rc4 Kb5 51. Re4 Kxc6 52. h4 Kd5
53. Ra4 Rxf4+ 54. Rxf4 Bxf4 55. Kxf4 a5 56. Kg5 a4 57. Kxh5 a3 58. Kh6 f5 59.
Kg5 Ke4 60. h5 a2 61. Kh6 a1=Q 62. Kh7 Qh1 63. h6 Qxh6+ 64. Kxh6 f4 65. Kh7 f3
66. Kh8 f2 67. Kh7 f1=Q 68. Kh8 Qf6+ 69. Kh7 Qg5 70. Kh8 Kf5 71. Kh7 Kf6 0-1

[Event "Excelsior March op"]
[Site "Toronto CAN"]
[Date "2023.03.11"]
[Round "3.33"]
[White "Singh Dhaliwal, Jaipreet"]
[Black "Ajith, Aarush"]
[Result "1-0"]
[WhiteElo "1785"]
[BlackElo "1433"]
[PlyCount "59"]
[EventDate "2023.03.19"]
[EventType "swiss"]
[EventRounds "5"]
[EventCountry "CAN"]

1. e4 c5 2. Nf3 d6 3. d4 cxd4 4. Nxd4 Nf6 5. Nc3 a6 6. Be3 e5 7. Nb3 Be6 8. f3
Nbd7 9. Qd2 b5 10. O-O-O Nb6 11. Qf2 Nfd7 12. Kb1 Nc4 13. Bc1 Qc7 14. f4 b4 15.
Nd5 Bxd5 16. exd5 Ndb6 17. fxe5 dxe5 18. Bd3 a5 19. Qe2 Bd6 20. Nd4 Qc5 21. Nf5
Bf8 22. b3 Nxd5 23. Qf3 Nc3+ 24. Ka1 Nb6 25. Be3 Qd5 26. Bxb6 e4 27. Rde1 a4
28. Bb5+ Qxb5 29. Rxe4+ Be7 30. Rxe7+ 1-0

[Event "Excelsior March op"]
[Site "Toronto CAN"]
[Date "2023.03.11"]
[Round "3.34"]
[White "Deshpande, Sarthak"]
[Black "Uyanik, Mehmet"]
[Result "0-1"]
[WhiteElo "1527"]
[BlackElo "1445"]
[PlyCount "78"]
[EventDate "2023.03.19"]
[EventType "swiss"]
[EventRounds "5"]
[EventCountry "CAN"]

1. d4 Nf6 2. c4 e6 3. Nf3 b6 4. g3 Bb7 5. Bg2 d5 6. O-O dxc4 7. Qa4+ c6 8. Qxc4
Nbd7 9. Nc3 b5 10. Qd3 Qc7 11. a3 Bd6 12. e4 e5 13. dxe5 Nxe5 14. Nxe5 Bxe5 15.
f4 Rd8 16. Qf3 Bd4+ 17. Kh1 O-O 18. e5 Bxc3 19. Qxc3 Nd5 20. Qc5 a6 21. Rd1 Ne7
22. Be3 Nf5 23. Bf2 Rd7 24. Bf3 Rfd8 25. Qb6 Rxd1+ 26. Rxd1 Rxd1+ 27. Bxd1 c5+
28. Qxb7 Qxb7+ 29. Kg1 Qd5 30. Bg4 Nd4 31. Kf1 Nf3 32. Ke2 Qe4+ 33. Kd1 Qd3+
34. Kc1 Qd2+ 35. Kb1 Qxf2 36. Ka1 Nd4 37. Ka2 c4 38. h4 c3 39. Kb1 Qxb2# 0-1

[Event "Excelsior March op"]
[Site "Toronto CAN"]
[Date "2023.03.11"]
[Round "3.35"]
[White "Anish, Diganth"]
[Black "Zhong, April"]
[Result "0-1"]
[WhiteElo "1155"]
[BlackElo "1524"]
[PlyCount "162"]
[EventDate "2023.03.19"]
[EventType "swiss"]
[EventRounds "5"]
[EventCountry "CAN"]

1. e4 c5 2. Nf3 d6 3. Nc3 Nf6 4. d4 cxd4 5. Nxd4 a6 6. Be3 e6 7. Bd3 b5 8. a3
Nbd7 9. O-O Bb7 10. f4 Be7 11. Qe2 O-O 12. Rf3 Nc5 13. Bd2 d5 14. exd5 Nxd3 15.
Rxd3 Bc5 16. Be3 Nxd5 17. Nxd5 Bxd5 18. Nc6 Qb6 19. Ne5 Bc4 20. Bxc5 Qxc5+ 21.
Qe3 Qxe3+ 22. Rxe3 Bd5 23. Rd1 Rac8 24. c3 Rc7 25. Nd3 a5 26. Re5 Rb8 27. f5
Bb3 28. Rde1 Bc2 29. Nc5 Rbc8 30. Ne4 exf5 31. Nd6 Rf8 32. Nxf5 Bxf5 33. Rxf5
Rb7 34. Re4 g6 35. Rff4 f5 36. Rd4 Re8 37. Kf2 Rbe7 38. Rd2 Kg7 39. Rfd4 Rb8
40. Rd7 Kf7 41. Rxe7+ Kxe7 42. Rd4 Kf6 43. Rd7 h6 44. Ra7 b4 45. Rxa5 bxc3 46.
bxc3 Rb2+ 47. Kf3 Rb3 48. Ra6+ Kg5 49. Ke2 Rxc3 50. Kd2 Rb3 51. Kc2 Re3 52. Kd2
Re4 53. a4 f4 54. a5 Ra4 55. Ke1 Ra2 56. Kf1 Kh5 57. Ra8 Kg4 58. Rg8 g5 59. Rh8
h5 60. h3+ Kh4 61. Ra8 Kg3 62. Rg8 g4 63. hxg4 hxg4 64. Rg5 Ra3 65. Rf5 Ra1+
66. Ke2 Rg1 67. Kd3 Rxg2 68. a6 Ra2 69. Ke4 Rxa6 70. Kd3 Re6 71. Kd4 f3 72. Kd5
Re1 73. Re5 f2 74. Rxe1 fxe1=Q 75. Kc6 Kf4 76. Kb7 g3 77. Ka8 g2 78. Kb7 g1=Q
79. Ka8 Qc3 80. Kb7 Qb1+ 81. Ka8 Qa5# 0-1

[Event "Excelsior March op"]
[Site "Toronto CAN"]
[Date "2023.03.11"]
[Round "3.36"]
[White "Wang, Nathan"]
[Black "Suresh, Pavan"]
[Result "1-0"]
[WhiteElo "1502"]
[BlackElo "1340"]
[PlyCount "135"]
[EventDate "2023.03.19"]
[EventType "swiss"]
[EventRounds "5"]
[EventCountry "CAN"]

1. e4 c5 2. Nc3 d6 3. d4 cxd4 4. Qxd4 Nf6 5. b3 Nc6 6. Qd2 g6 7. Bb2 Bg7 8.
O-O-O O-O 9. f3 Qa5 10. g4 h5 11. h3 Bd7 12. Kb1 Rac8 13. Nd5 Qxd2 14. Rxd2
Nxd5 15. Bxg7 Kxg7 16. exd5 Nd8 17. Ne2 hxg4 18. fxg4 Rh8 19. Bg2 a5 20. Re1 b5
21. Nf4 Re8 22. Kb2 b4 23. Re3 Rc7 24. Bf3 Nb7 25. Rde2 Bb5 26. Re1 Kf8 27. Ne2
Bxe2 28. R1xe2 Rec8 29. h4 Nc5 30. h5 g5 31. h6 e5 32. dxe6 Nxe6 33. Be4 Nf4
34. Re1 Rc3 35. Bf5 Ne6 36. R1e2 Rxe3 37. Rxe3 Ke7 38. h7 Rh8 39. c3 bxc3+ 40.
Rxc3 Kf6 41. Rc6 Ke7 42. Ra6 Nd4 43. Bd3 Ne6 44. Rxa5 f6 45. Ra7+ Kf8 46. Rd7
d5 47. Rxd5 Nf4 48. Rd8+ Kg7 49. Rxh8 Nxd3+ 50. Kc3 Ne5 51. Rf8 Ng6 52. h8=Q+
Nxh8 53. Rxh8 Kxh8 54. Kd4 Kg7 55. a4 Kg6 56. a5 f5 57. gxf5+ Kxf5 58. a6 g4
59. a7 g3 60. a8=Q Kg4 61. Qg2 Kf4 62. b4 Kf5 63. Qxg3 Ke6 64. Qe5+ Kd7 65. b5
Kc8 66. Qe7 Kb8 67. b6 Ka8 68. Qa7# 1-0

[Event "Excelsior March op"]
[Site "Toronto CAN"]
[Date "2023.03.11"]
[Round "3.37"]
[White "Furrow, Matthew"]
[Black "Ambilwade, Ojal"]
[Result "1/2-1/2"]
[WhiteElo "1796"]
[BlackElo "1476"]
[PlyCount "131"]
[EventDate "2023.03.19"]
[EventType "swiss"]
[EventRounds "5"]
[EventCountry "CAN"]

1. d4 Nf6 2. c4 e6 3. Nc3 Bb4 4. Nf3 O-O 5. Bg5 d5 6. e3 Nbd7 7. a3 Bxc3+ 8.
bxc3 c5 9. cxd5 exd5 10. Bd3 Qa5 11. Qc2 h6 12. Bxf6 Nxf6 13. O-O c4 14. Be2
Ne4 15. Rfc1 Bf5 16. Nd2 Ng3 17. Qd1 Nxe2+ 18. Qxe2 Bd3 19. Qh5 Bg6 20. Qe5
Rfe8 21. Qd6 Rad8 22. Qb4 Qc7 23. Nf3 Be4 24. Nd2 Bd3 25. Nf3 f6 26. Ra2 Re6
27. Rb2 Rd7 28. Qa4 Ra6 29. Qd1 Rxa3 30. Ne1 Be4 31. Qe2 Rd6 32. Rb4 Rb6 33. f3
Bh7 34. Rxb6 Qxb6 35. e4 Qe6 36. e5 Kf7 37. f4 fxe5 38. dxe5 Qb6+ 39. Kh1 Be4
40. Nf3 Rb3 41. Nd2 Rb2 42. Qe1 Qg6 43. Qf2 Qxg2+ 44. Qxg2 Bxg2+ 45. Kxg2 Rxd2+
46. Kg3 Rd3+ 47. Kg4 d4 48. cxd4 Rxd4 49. Kf3 b5 50. Ra1 Rd7 51. f5 Rb7 52. Ke4
c3 53. e6+ Kf6 54. Rg1 b4 55. Rg6+ Ke7 56. Rxg7+ Kd6 57. Rxb7 c2 58. Rd7+ Kc6
59. Rd8 Kc7 60. e7 c1=Q 61. e8=Q Qe1+ 62. Kf3 Qf1+ 63. Kg3 Qg1+ 64. Kf3 Qf1+
65. Kg3 Qg1+ 66. Kf3 1/2-1/2

[Event "Excelsior March op"]
[Site "Toronto CAN"]
[Date "2023.03.11"]
[Round "3.38"]
[White "Clarizio, Joshua"]
[Black "Li, Triston"]
[Result "0-1"]
[WhiteElo "1350"]
[BlackElo "1470"]
[PlyCount "64"]
[EventDate "2023.03.19"]
[EventType "swiss"]
[EventRounds "5"]
[EventCountry "CAN"]

1. e4 c5 2. Nf3 d6 3. Nc3 Nf6 4. Bc4 e6 5. O-O Nc6 6. d4 d5 7. exd5 exd5 8. Bb3
cxd4 9. Nxd4 Bc5 10. Nxc6 bxc6 11. Re1+ Be6 12. Ba4 Qb6 13. Re2 O-O 14. h3 Rad8
15. a3 Ne4 16. Nxe4 dxe4 17. Qe1 Bc4 18. Rxe4 Bxf2+ 19. Qxf2 Rd1+ 20. Kh2 Qxf2
21. Be3 Qxe3 22. Rxe3 Rxa1 23. Bxc6 g6 24. Re7 Rc8 25. Bf3 Be6 26. Be4 Bf5 27.
Bd5 Be6 28. Be4 Rd1 29. Rxa7 Bd5 30. Bd3 Rd2 31. Bf1 Rcxc2 32. b4 Bxg2 0-1

[Event "Excelsior March op"]
[Site "Toronto CAN"]
[Date "2023.03.11"]
[Round "3.39"]
[White "Zhuang, Ryan"]
[Black "Mutyalapati, Modith Aaroh"]
[Result "1/2-1/2"]
[WhiteElo "708"]
[BlackElo "1455"]
[PlyCount "87"]
[EventDate "2023.03.19"]
[EventType "swiss"]
[EventRounds "5"]
[EventCountry "CAN"]

1. e4 c5 2. c3 d5 3. exd5 Qxd5 4. Nf3 Nc6 5. Na3 e6 6. Nb5 Qd8 7. d3 a6 8. Na3
Nf6 9. Bf4 Bd6 10. Bxd6 Qxd6 11. Nc4 Qd8 12. d4 cxd4 13. cxd4 b5 14. Nce5 Nxe5
15. Nxe5 Bb7 16. Rc1 O-O 17. f3 Qd6 18. Qd2 Rfd8 19. Rd1 Rac8 20. Be2 Nd7 21.
Qf4 Nxe5 22. dxe5 Qb6 23. Bd3 Rd5 24. Ke2 Qc5 25. Rc1 Rxe5+ 26. Be4 Qd4 27.
Rxc8+ Bxc8 28. Rd1 g5 29. Rxd4 gxf4 30. Rd8+ Kg7 31. Rxc8 f5 32. Kd3 fxe4+ 33.
fxe4 Rg5 34. Rc2 Kf6 35. Kd4 h5 36. Rf2 e5+ 37. Kc5 Ke7 38. Rd2 h4 39. Kb6 Rg6+
40. Kc5 Rg5 41. Kb6 Rg6+ 42. Kc5 Re6 43. Rd3 Rg6 44. Rd2 1/2-1/2

[Event "Excelsior March op"]
[Site "Toronto CAN"]
[Date "2023.03.11"]
[Round "3.40"]
[White "Gavrileva, Anna"]
[Black "Ashcroft, Michael"]
[Result "0-1"]
[WhiteElo "1448"]
[BlackElo "1523"]
[PlyCount "55"]
[EventDate "2023.03.19"]
[EventType "swiss"]
[EventRounds "5"]
[EventCountry "CAN"]

1. d4 Nf6 2. Bf4 g6 3. Nd2 d5 4. e3 Bg7 5. Be2 b6 6. c3 c5 7. Ngf3 O-O 8. Ne5
Bb7 9. h4 cxd4 10. exd4 Nbd7 11. h5 Nxe5 12. dxe5 Nd7 13. e6 fxe6 14. Be3 e5
15. Bg4 e4 16. Be6+ Rf7 17. hxg6 hxg6 18. Bxf7+ Kxf7 19. Qb3 e6 20. f3 Qc7 21.
O-O-O d4 22. Bg1 e3 23. Ne4 Bxe4 24. fxe4 e2 25. Re1 Qf4+ 26. Kb1 Nc5 27. Qc2
d3 28. Qc1 0-1

[Event "Excelsior March op"]
[Site "Toronto CAN"]
[Date "2023.03.11"]
[Round "3.41"]
[White "Surendran, Siddharth"]
[Black "Yang, Albert"]
[Result "0-1"]
[WhiteElo "836"]
[BlackElo "1151"]
[PlyCount "76"]
[EventDate "2023.03.19"]
[EventType "swiss"]
[EventRounds "5"]
[EventCountry "CAN"]

1. d4 Nf6 2. c4 g6 3. Nf3 Bg7 4. Bf4 d6 5. Nc3 Nbd7 6. e4 O-O 7. Be2 Re8 8. O-O
e5 9. dxe5 dxe5 10. Bg3 Nh5 11. Qc2 Nxg3 12. fxg3 c6 13. Rad1 Qb6+ 14. Kh1 Nc5
15. a3 Bd7 16. b4 Ne6 17. Rxd7 a6 18. c5 Qa7 19. Rd2 Nd4 20. Qb2 b5 21. Bd3 a5
22. Ne2 Red8 23. Nexd4 exd4 24. e5 axb4 25. axb4 Qa3 26. Qxa3 Rxa3 27. Rb1 Bh6
28. Rdd1 Be3 29. Be4 Ra6 30. Ne1 Re8 31. Nc2 Rxe5 32. Nxe3 dxe3 33. Bf3 Kg7 34.
Rb2 Ra7 35. Bxc6 e2 36. Rbb1 exd1=Q+ 37. Rxd1 Ra4 38. Rb1 Rxb4 0-1

[Event "Excelsior March op"]
[Site "Toronto CAN"]
[Date "2023.03.11"]
[Round "3.43"]
[White "Naiboglu, Onur"]
[Black "Jia, Ethan"]
[Result "1-0"]
[WhiteElo "1301"]
[BlackElo "732"]
[PlyCount "101"]
[EventDate "2023.03.19"]
[EventType "swiss"]
[EventRounds "5"]
[EventCountry "CAN"]

1. e4 c6 2. d4 d5 3. f3 e6 4. Ne2 c5 5. Ng3 Nc6 6. Bb5 Qa5+ 7. Nc3 cxd4 8.
Bxc6+ bxc6 9. Qxd4 c5 10. Qa4+ Qxa4 11. Nxa4 d4 12. b3 Bd6 13. Ba3 Ne7 14. Bxc5
Be5 15. Rd1 Nc6 16. Ne2 Ba6 17. Nxd4 Nxd4 18. Bxd4 Bc7 19. Kf2 O-O 20. Be3 Rac8
21. c4 Bb8 22. Nc5 Rc6 23. Nd7 Re8 24. Nxb8 Rxb8 25. Bxa7 Ra8 26. Be3 Bb7 27.
Rd2 Rc7 28. Rhd1 Rac8 29. Bb6 Bc6 30. Rd8+ Be8 31. Rxc8 Rxc8 32. Rd8 Rxd8 33.
Bxd8 Kf8 34. Ke3 Bd7 35. Kd4 Ke8 36. Bc7 Bc6 37. Kc5 Kd7 38. Kb6 Ba8 39. a4 f5
40. exf5 exf5 41. b4 g5 42. b5 g4 43. fxg4 fxg4 44. c5 h5 45. c6+ Kc8 46. Bf4
h4 47. Ka7 h3 48. gxh3 gxh3 49. Kxa8 Kd8 50. c7+ Kd7 51. Kb7 1-0

[Event "Excelsior March op"]
[Site "Toronto CAN"]
[Date "2023.03.11"]
[Round "3.44"]
[White "Pedersen, Noah"]
[Black "Chhabda, Chintansingh"]
[Result "0-1"]
[WhiteElo "1157"]
[BlackElo "1280"]
[PlyCount "130"]
[EventDate "2023.03.19"]
[EventType "swiss"]
[EventRounds "5"]
[EventCountry "CAN"]

1. e4 e6 2. d4 d5 3. Nc3 Nf6 4. Bg5 dxe4 5. Bxf6 gxf6 6. Nxe4 Bd7 7. c3 Bc6 8.
Ng3 Bh6 9. Qh5 Bg7 10. O-O-O Qd5 11. Qxd5 Bxd5 12. c4 Bc6 13. d5 Bd7 14. Kc2
Rg8 15. Nh5 Bh8 16. g3 Na6 17. f4 O-O-O 18. a3 Rge8 19. Bg2 e5 20. Kc1 e4 21.
b4 Bg4 22. Re1 Bxh5 23. Rxe4 Bg6 24. Bh3+ Kb8 25. Rxe8 Rxe8 26. f5 Re4 27. fxg6
Rxc4+ 28. Kd2 fxg6 29. Be6 c6 30. dxc6 Rxc6 31. Bb3 f5 32. Ke2 Nc7 33. Nf3 Ne6
34. Bxe6 Rxe6+ 35. Kd3 Rc6 36. Rd1 Bf6 37. Ke3 Re6+ 38. Kd3 g5 39. Kc2 f4 40.
g4 Kc7 41. h3 Kb6 42. Rd3 h6 43. Kc1 Kc7 44. Kc2 Re2+ 45. Rd2 Rxd2+ 46. Kxd2
Kc6 47. Kc2 Kd5 48. Kd3 b5 49. Nd2 Bb2 50. Nb1 Be5 51. Nd2 Bb2 52. Nb1 a6 53.
Kc2 Bd4 54. Nd2 Be3 55. Nf1 Ke4 56. Kd1 Kf3 57. Nxe3 Kxe3 58. Ke1 Kf3 59. Kf1
Kg3 60. Ke2 f3+ 61. Kf1 f2 62. h4 gxh4 63. g5 hxg5 64. Ke2 Kg2 65. a4 f1=Q+ 0-1

[Event "Excelsior March op"]
[Site "Toronto CAN"]
[Date "2023.03.11"]
[Round "3.45"]
[White "Lin, Austin"]
[Black "Hong, Zihan"]
[Result "1-0"]
[WhiteElo "1168"]
[BlackElo "1084"]
[PlyCount "71"]
[EventDate "2023.03.19"]
[EventType "swiss"]
[EventRounds "5"]
[EventCountry "CAN"]

1. e4 d5 2. exd5 Qxd5 3. Nc3 Qa5 4. Nf3 Nf6 5. Bc4 Bg4 6. d4 Nc6 7. Be3 O-O-O
8. h3 Bh5 9. g4 Bg6 10. Bd3 Bxd3 11. Qxd3 e5 12. Qf5+ Kb8 13. Nxe5 Nxe5 14.
Qxe5 Rd5 15. Qf4 Bd6 16. Qf3 Bb4 17. O-O Bxc3 18. bxc3 Qxc3 19. Rab1 b6 20. Rb3
Qxc2 21. Rc1 Qxa2 22. Bf4 Rd7 23. Bg3 Rc8 24. Rcb1 Nd5 25. Qd3 Qa4 26. Rb5 Ka8
27. Qf5 Nf6 28. g5 Qxd4 29. gxf6 g6 30. Qf3+ Kb8 31. Qc6 Rcd8 32. R5b4 Qd5 33.
Rxb6+ axb6 34. Qxb6+ Ka8 35. Ra1+ Qa5 36. Rxa5# 1-0

[Event "Excelsior March op"]
[Site "Toronto CAN"]
[Date "2023.03.12"]
[Round "4.4"]
[White "Ibarra Chami, Luis Fernando"]
[Black "Desikan, Ajith"]
[Result "1-0"]
[WhiteElo "2447"]
[BlackElo "1507"]
[PlyCount "49"]
[EventDate "2023.03.19"]
[EventType "swiss"]
[EventRounds "5"]
[EventCountry "CAN"]

1. c4 e5 2. Nc3 Nf6 3. g3 Nc6 4. Bg2 Bb4 5. Nf3 O-O 6. O-O d5 7. cxd5 Nxd5 8.
Nxe5 Nxe5 9. Nxd5 Ba5 10. d4 Ng6 11. b4 Be6 12. bxa5 Bxd5 13. e4 Bc4 14. Re1 c6
15. Qd2 Qc7 16. Qc3 Ba6 17. Ba3 Rfe8 18. f4 Qd7 19. Rad1 b6 20. h4 Rad8 21. Kh2
Bc8 22. Bb2 f6 23. f5 Ne7 24. axb6 axb6 25. Qb3+ 1-0

[Event "Excelsior March op"]
[Site "Toronto CAN"]
[Date "2023.03.12"]
[Round "4.6"]
[White "Li, Ethan Yichen"]
[Black "Mao, Fengxi"]
[Result "0-1"]
[WhiteElo "1502"]
[BlackElo "1987"]
[PlyCount "102"]
[EventDate "2023.03.19"]
[EventType "swiss"]
[EventRounds "5"]
[EventCountry "CAN"]

1. e4 a6 2. d4 h6 3. Nf3 c6 4. c4 d5 5. cxd5 cxd5 6. exd5 Nf6 7. Be2 Nxd5 8.
O-O e6 9. Nc3 Nc6 10. Re1 Be7 11. Bc4 O-O 12. Bxd5 exd5 13. Qb3 Be6 14. Bf4 b5
15. Rad1 Rc8 16. Rd2 Na5 17. Qd1 Nc4 18. Rde2 Nxb2 19. Rxb2 Rxc3 20. Ne5 Bg5
21. Qd2 Rc8 22. Rb3 Bxf4 23. Qxf4 Qa5 24. Qe3 Rfe8 25. Ra3 Qb6 26. Qd2 Re7 27.
Rg3 Bf5 28. Qf4 Be4 29. Qg4 f5 30. Qd1 Rec7 31. Qd2 Rc2 32. Qb4 f4 33. Rb3 Rc1
34. Nf3 Bxf3 35. gxf3 Qg6+ 36. Kh1 Qe6 37. Rb1 Qxe1+ 38. Qxe1 Rxe1+ 39. Rxe1
Rc4 40. Re6 Ra4 41. Rd6 Rxa2 42. Rxd5 Rxf2 43. Rd6 a5 44. Ra6 a4 45. Ra5 Rb2
46. Ra7 Rb3 47. Kg2 a3 48. Kh3 Rxf3+ 49. Kg4 Rd3 50. Kxf4 Rxd4+ 51. Ke3 Ra4 0-1

[Event "Excelsior March op"]
[Site "Toronto CAN"]
[Date "2023.03.12"]
[Round "4.7"]
[White "Zhang, Daniel"]
[Black "Jaipreet Singh, Dhaliwal"]
[Result "1-0"]
[WhiteElo "1498"]
[BlackElo "1785"]
[PlyCount "101"]
[EventDate "2023.03.19"]
[EventType "swiss"]
[EventRounds "5"]
[EventCountry "CAN"]

1. e4 e5 2. Nf3 Nf6 3. Nxe5 d6 4. Nf3 Nxe4 5. Nc3 Nxc3 6. dxc3 Be7 7. Bf4 Nd7
8. Qd2 Nc5 9. O-O-O Be6 10. Kb1 c6 11. Nd4 d5 12. Nxe6 Nxe6 13. Be3 Bf6 14. f4
Qa5 15. g4 O-O-O 16. g5 Be7 17. Bh3 Kb8 18. Bxe6 fxe6 19. Rhe1 Rhg8 20. Bd4 Qb5
21. Rxe6 Ba3 22. Be5+ Kc8 23. b3 c5 24. Re7 Rd7 25. Rxd7 Qxd7 26. Qxd5 Qxd5 27.
Rxd5 Re8 28. c4 g6 29. c3 Re6 30. Kc2 a6 31. Kd3 b5 32. Rd6 Rxd6+ 33. Bxd6 Kd7
34. Be5 Ke6 35. cxb5 axb5 36. Ke4 b4 37. c4 Bc1 38. Bb8 Bb2 39. Be5 Bc1 40. Kf3
Bd2 41. Bg7 Kd6 42. Bf8+ Kc6 43. Kg4 Be3 44. f5 Kd7 45. h4 Ke8 46. Bd6 Kf7 47.
h5 gxh5+ 48. Kxh5 Kg7 49. Be5+ Kg8 50. g6 Bd2 51. f6 1-0

[Event "Excelsior March op"]
[Site "Toronto CAN"]
[Date "2023.03.12"]
[Round "4.7"]
[White "Zhang, Daniel"]
[Black "Singh Dhaliwal, Jaipreet"]
[Result "1-0"]
[WhiteElo "1498"]
[BlackElo "1785"]
[PlyCount "103"]
[EventDate "2023.03.19"]
[EventType "swiss"]
[EventRounds "5"]
[EventCountry "CAN"]

1. e4 e5 2. Nf3 Nf6 3. Nxe5 d6 4. Nf3 Nxe4 5. Nc3 Nxc3 6. dxc3 Be7 7. Bf4 Nd7
8. Qd2 Nc5 9. O-O-O Be6 10. Kb1 c6 11. Nd4 d5 12. Nxe6 Nxe6 13. Be3 Bf6 14. f4
Qa5 15. g4 O-O-O 16. g5 Be7 17. Bh3 Kb8 18. Bxe6 fxe6 19. Rhe1 Rhg8 20. Bd4 Qb5
21. Rxe6 Ba3 22. Be5+ Kc8 23. b3 c5 24. Re7 Rd7 25. Rxd7 Qxd7 26. Qxd5 Qxd5 27.
Rxd5 Re8 28. c4 g6 29. c3 Re6 30. Kc2 a6 31. Kd3 b5 32. Rd6 Rxd6+ 33. Bxd6 Kd7
34. Be5 Ke6 35. cxb5 axb5 36. Ke4 b4 37. c4 Bc1 38. Bb8 Bb2 39. Be5 Bc1 40. Kf3
Bd2 41. Bg7 Kd6 42. Bf8+ Kc6 43. Kg4 Be3 44. f5 Kd7 45. h4 Ke8 46. Bd6 Kf7 47.
h5 gxh5+ 48. Kxh5 Kg7 49. Be5+ Kg8 50. g6 Bd2 51. f6 hxg6+ 52. Kxg6 1-0

[Event "Excelsior March op"]
[Site "Toronto CAN"]
[Date "2023.03.12"]
[Round "4.9"]
[White "Nagy, Gabor"]
[Black "Wang, Nathan"]
[Result "1-0"]
[WhiteElo "2497"]
[BlackElo "1502"]
[PlyCount "59"]
[EventDate "2023.03.19"]
[EventType "swiss"]
[EventRounds "5"]
[EventCountry "CAN"]

1. c4 Nf6 2. Nc3 g6 3. Nf3 c6 4. d4 d5 5. e3 Bg7 6. Bd3 O-O 7. h3 Nbd7 8. O-O
a6 9. a4 dxc4 10. Bxc4 Nb6 11. Bd3 a5 12. e4 Be6 13. Qe2 Qc7 14. Be3 Rfc8 15.
Rfc1 h6 16. d5 Bd7 17. dxc6 Bxc6 18. Nd4 Qd8 19. Rd1 Nbd7 20. Ndb5 Qf8 21. Rac1
Ne5 22. Bb1 g5 23. Nd5 Bxd5 24. exd5 Nfd7 25. Nc7 Rab8 26. Ba7 Ra8 27. Nxa8
Rxa8 28. Bd4 Ng6 29. Bxg6 fxg6 30. Qe6+ 1-0